Best Countries in Primary Education - Statistics

General Stats
  • This quiz has been taken 72 times
  • The average score is 15 of 20
Answer Stats
Rank Hint Nation Score % Correct
1 F Finland 6.9
98%
2 B Belgium 6.6
92%
19/20 F France 5.9
87%
5 J Japan 6.3
87%
4 N Netherlands 6.4
87%
14 G Germany 6.1
85%
16 U United Kingdom 6.0
85%
5 C Canada 6.3
84%
9 I Iceland 6.2
84%
9 A Australia 6.2
82%
9 N Norway 6.2
82%
14 I Ireland 6.1
77%
5 E Estonia 6.3
76%
19/20 A Austria 5.9
73%
5 N New Zealand 6.3
73%
9 S Switzerland 6.2
71%
2 S Singapore 6.6
69%
9 T Taiwan 6.2
60%
16 M Malta 6.0
44%
16 S Slovenia 6.0
37%
No matching quizzes found
Score Distribution
Percent of People with Each Score
Percentile by Number Answered
Your Score History
You have not taken this quiz